Every 500+ Settlement in Northamptonshire Quiz Stats

 Plays Quiz not verified by Sporcle

Score 0/113 Timer 12:00
0 Plays Today
Rank Settlement % Correct
1.Northampton
100%
2.Kettering
94.3%
3.Corby
91.8%
4.Wellingborough
88%
5.Rushden
78.5%
6.Daventry
78.5%
13.Irthlingborough
72.2%
9.Towcester
67.1%
16.Oundle
62%
15.Thrapston
60.8%
7.Brackley
59.5%
10.Raunds
55.1%
8.Desborough
51.9%
12.Rothwell
51.9%
11.Higham Ferrers
51.3%
17.Earls Barton
49.4%
19.Irchester
46.8%
27.Weedon Bec
46.2%
14.Burton Latimer
44.3%
36.Silverstone
44.3%
18.Brixworth
43.7%
20.Grange Park
39.9%
21.Finedon
36.1%
30.Roade
34.8%
23.Long Buckby
33.5%
42.Blisworth
32.9%
63.Sywell
31.6%
48.Cogenhoe
29.7%
26.Wollaston
29.1%
44.Geddington
29.1%
60.Flore
28.5%
45.Ringstead
27.8%
37.Crick
27.2%
40.West Haddon
27.2%
97.East Haddon
27.2%
28.Bugbrooke
26.6%
46.Woodford
26.6%
35.Stanwick
25.9%
Rank Settlement % Correct
77.Isham
25.9%
33.Bozeat
24.7%
74.Islip
24.7%
106.Grendon
23.4%
29.Mawsley Village
22.8%
31.Broughton
20.9%
61.Spratton
20.3%
82.Yardley Hastings
20.3%
52.Yardley Gobion
19.6%
65.Welford
19.6%
38.Weldon
19%
62.Great Doddington
18.4%
105.Gayton
18.4%
41.Nether Heyford
17.7%
59.Kilsby
17.7%
89.Brafield on the Green
17.1%
88.Pitsford
16.5%
53.Harpole
15.8%
57.Kislingbury
15.8%
43.Braunston
15.2%
78.Yelvertoft
15.2%
49.Greens Norton
14.6%
56.Byfield
14.6%
87.Naseby
14.6%
101.Titchmarsh
14.6%
113.Creaton
14.6%
32.King's Sutton
13.9%
71.Little Harrowden
13.9%
83.Denton
13.9%
98.Great Houghton
13.9%
39.Hartwell
13.3%
64.Hackleton
13.3%
72.Walgrave
13.3%
99.Badby
13.3%
51.Brigstock
12.7%
86.Guilsborough
12.7%
95.Paulerspury
12.7%
22.Deanshanger
12%
Rank Settlement % Correct
55.Gretton
12%
102.Whittlebury
12%
47.Potterspury
11.4%
58.King's Cliffe
11.4%
24.Middleton Cheney
10.8%
76.Collingtree
10.8%
80.Milton Malsor
10.8%
94.Ravensthorpe
10.1%
79.Helmdon
9.5%
90.Pattishall
9.5%
92.Aynho
9.5%
68.Croughton
8.9%
69.Barby
8.9%
110.Loddington
8.9%
67.Easton on the Hill
8.2%
73.Stanion
8.2%
70.Warmington
7.6%
84.Syresham
7%
54.Cottingham
6.3%
66.Crow Hill Housing Estate
6.3%
75.Nassington
6.3%
100.Welton
6.3%
109.Cosgrove
6.3%
91.Chacombe
5.7%
103.Newnham
5.7%
111.Collyweston
5.7%
112.Blakesley
5.7%
96.Clipston
5.1%
107.Chipping Warden
5.1%
25.Hinton
4.4%
50.Onley
4.4%
104.Evenley
4.4%
34.Old Stratford
3.8%
108.Charlton
3.2%
81.Wilbarston
2.5%
85.Greatworth
1.9%
93.Higham Park
1.3%

You're not logged in!

Compare scores with friends on all Sporcle quizzes.
OR
Log In

You Might Also Like...

Show Comments

Extras

Top Quizzes Today


Score Distribution

Your Account Isn't Verified!

In order to create a playlist on Sporcle, you need to verify the email address you used during registration. Go to your Sporcle Settings to finish the process.

Report this User

Report this user for behavior that violates our Community Guidelines.

Details: